A treatise on the principles and practice of levelling (Record no. 114023)
[ view plain ]
| 000 -LEADER | |
|---|---|
| fixed length control field | 00868cam a22001935a 4500 |
| 001 - CONTROL NUMBER | |
| control field | L156088 |
| 008 - FIXED-LENGTH DATA ELEMENTS--GENERAL INFORMATION | |
| fixed length control field | 120430s1846 xxk f 000 0 eng d |
| 035 ## - SYSTEM CONTROL NUMBER | |
| System control number | (Sirsi) u156088 |
| 041 0# - LANGUAGE CODE | |
| Language code of text/sound track or separate title | eng |
| 100 1# - MAIN ENTRY--PERSONAL NAME | |
| Personal name | Simms, Frederick Walter |
| Dates associated with a name | 1803-1865 |
| 245 02 - TITLE STATEMENT | |
| Title | A treatise on the principles and practice of levelling |
| Remainder of title | shewing its application to purposes of railway engineering and the construction of roads; together with a practical mode of setting out the widths of ground for a railway or canal |
| 250 ## - EDITION STATEMENT | |
| Edition statement | 3rd ed. |
| Remainder of edition statement | revised, with additions, with Mr. Law's practical examples for setting out of railway curves |
| 260 ## - PUBLICATION, DISTRIBUTION, ETC. | |
| Place of publication, distribution, etc. | London |
| Name of publisher, distributor, etc. | John Weale |
| Date of publication, distribution, etc. | 1846 |
| 300 ## - PHYSICAL DESCRIPTION | |
| Extent | vii, 159 p., [7] folded leaves of plates |
| Other physical details | ill. |
| Dimensions | 23 cm. |
| 583 ## - ACTION NOTE | |
| Action | Condition reviewed |
| Time/date of action | 20120620 |
| Status | condition level 4 |
| 651 #4 - SUBJECT ADDED ENTRY--GEOGRAPHIC NAME | |
| Geographic name | Great Britain |
| Chronological subdivision | 1707- |
| 690 ## - LOCAL SUBJECT ADDED ENTRY--TOPICAL TERM (OCLC, RLIN) | |
| Topical term or geographic name as entry element | Measurement |
| 9 (RLIN) | 6256 |
| 942 ## - ADDED ENTRY ELEMENTS (KOHA) | |
| Suppress in OPAC | 0 |
| Withdrawn status | Lost status | Damaged status | Not for loan | Home library | Current library | Shelving location | Date acquired | Total Checkouts | Full call number | Barcode | Date last seen | Copy number | Price effective from | Koha item type |
|---|---|---|---|---|---|---|---|---|---|---|---|---|---|---|
| Historic collection | Historic collection | Historic collection | 30/04/2012 | INFRASTRUCTURE QUARTO 1846 SIMMS | 30077962 | 27/08/2025 | 1 | 06/08/2019 | Book |